Využitie sociálnych sietí maloobchode diplomová práca

Salvato in:
Dettagli Bibliografici
Autore principale: Labudová, Jana
Ente Autore: Obchodná fakulta EU. Katedra marketingu
Altri autori: Francová, Zuzana, 1971-
Natura: Libro
Lingua:slovacco
Pubblicazione: Bratislava 2025
Tags: Aggiungi Tag
Nessun Tag, puoi essere il primo ad aggiungerne!!

MARC

LEADER 00000nbm a2200000 4500
001 0310184
005 20251104120837.4
041 0 |a slo 
044 |a SK 
245 1 0 |a Využitie sociálnych sietí maloobchode  |b diplomová práca  |c Jana Labudová ; školiteľ: Zuzana Francová 
264 1 |a Bratislava  |c 2025 
300 |a 82 s. 
100 1 |a Labudová, Jana 
700 1 |a Francová, Zuzana, 1971- 
710 2 |a Obchodná fakulta EU. Katedra marketingu